Normal view
MARC view
- التعليم الخاص-المعوقين-صعوبات التعلم-طرق التعلم
Entry Topical Term
001 - CONTROL NUMBER
- control field: 28022
003 - CONTROL NUMBER IDENTIFIER
- control field: JO-AjAnu
005 - DATE AND TIME OF LATEST TRANSACTION
- control field: 20230606074743.0
008 - FIXED-LENGTH DATA ELEMENTS
- fixed length control field: 230606|| aca||aabn | a|a d
040 ## - CATALOGING SOURCE
- Original cataloging agency: JO-AjAnu
- Transcribing agency: JO-AjAnu
150 ## - HEADING--TOPICAL TERM
- Topical term or geographic name entry element: التعليم الخاص-المعوقين-صعوبات التعلم-طرق التعلم
670 ## - SOURCE DATA FOUND
- Source citation: Work cat.: (JO-AjAnu)14385: شواهين،خير سليمان تأليف/غريفات،سحر محمد م،مشارك/شنبور،أمل عبد م،مشارك, author 28021, المنهاج المدرسي للأطفال ذوي الإحتياجات الخاصة